000 00359nam a2200157Ia 4500
003 OSt
008 191201s2005 xx 000 0 und d
082 _a793.73
_bDEP
100 _aDEVI, Shakuntala
245 0 _aPuzzles to Puzzle You
250 _a36th pr.
260 _aNew Delhi
_bOrient L
_c2005
300 _a143
650 _aB.Tech(IT)
942 _2ddc
_cBK
999 _c4597
_d4597